Podivný objav Aurela Steina

Bibliographic Details
Main Author: (ník) (Author)
Format: Article
Language:Slovak
PhysicalDescription:Obr. 1.
Subjects:

MARC

LEADER 00000nab a2200000 a 4500
001 vtls000008997
003 SK-MaSNL
005 20260303021028.0
008 111103c1978 xo 0 slo
015 |a SNBRB19rr/mm-uuuuu 
035 |a CL0019091 
040 |a SNKBUCL  |b slo  |c SNKBUCL  |e AACR2 
041 0 |a slo 
044 |a xo  |c SK 
080 |a 902  |2 1981 
080 |a 92 Stein, Aurel  |2 1981 
100 1 |a (ník)  |4 aut  |9 881547 
245 1 0 |a Podivný objav Aurela Steina  |c (ník) 
300 |b Obr. 1. 
650 0 7 |a Stein, Aurel  |2 snkbucl  |9 994867 
655 7 |a články z novín a časopisov  |2 snkbucl  |9 267496 
773 0 |t Sloboda  |g Roč. 33, č. 38 (15. 9. 1978), s. 10 
850 |a Slovenská národná knižnica v Martine  |a MTA001 
852 |a SNK  |b KIS3GCP 
958 |a RK 
992 |a RBX 
999 |c 1621049  |d 1622979